Death Wish Love-Benson Boone-All Lyrics - Statistics

General Stats
  • This quiz has been taken 40 times
  • The average score is 317 of 402
Answer Stats
Answer % Correct
A
100%
Love
100%
Wish
100%
An
97%
And
97%
Death
97%
I
97%
Me
97%
My
97%
You
97%
Again
93%
Do
93%
It
93%
It’s
93%
Be
90%
Blood
90%
Down
90%
Heart
90%
I’ll
90%
Let
90%
So
90%
Take
90%
The
90%
How
87%
Of
87%
Oh
87%
Something
87%
Spill
87%
To
87%
Also
83%
Could
83%
Dangerous
83%
Go
83%
I’m
83%
On
83%
There
83%
Angel
80%
Darling
80%
Delicate
80%
Keep
80%
Kind
80%
Your
80%
Afraid
77%
Believe
77%
Cut
77%
Just
77%
Like
77%
Lungs
77%
No
77%
Scream
77%
Until
77%
Can
73%
Die
73%
Give
73%
Gonna
73%
Look
73%
Lose
73%
Name
73%
Out
73%
That
73%
Hold
70%
If
70%
Kill
70%
Lookin
70%
Now
70%
See
70%
Unfair
70%
Braided
67%
Eyes
67%
Feels
67%
Hair
67%
Into
67%
Never
67%
Praying
67%
Suicide
67%
Terrified
67%
You’ll
67%
You’ve
67%
Get
63%
Got
63%
As
60%
Long
60%
Pull
60%
For
57%
One
57%
Three
57%
Two
57%
Til
50%
Make
47%
Else
43%
Knees
43%
Laugh
43%
Nobody
43%
Hand
40%
Way
40%
Does
37%
Fall
37%
Only
37%
Ooh
37%
There’s
37%
Upper
37%
Run
33%
Squeeze
33%
Stars
33%
Time
33%
Left
30%
None
30%
Slow
30%
Wreck
30%
Ask
27%
At
27%
God
27%
Night
27%
Nothing
27%
Would
23%
No matching quizzes found
Score Distribution
Percent of People with Each Score
Percentile by Number Answered
Your Score History
You have not taken this quiz